000 01189cam a2200349 i 4500
001 4236
003 FISKH
005 20250808145002.0
008 800603s1981 nyua j 000 1 eng
010 _a 80018023
020 _a0394843010
020 _a9780590203630
020 _a0394943015 (lib. bdg.)
040 _aDLC
_cDLC
_dDLC
_beng
050 _aPZ7.C1427
082 _a813
100 1 _aCameron, Ann,
_d1943-
245 1 4 _aThe stories Julian tells /
_cby Ann Cameron ; illustrated by Ann Strugnell.
260 _aNew York :
_bScholastic,
_c1981.
300 _a71 pages :
_billustrations ;
_c20 cm
505 _aK
520 _aRelates episodes in seven-year-old Julian's life which include getting into trouble with his younger brother Huey, planting a garden, what he did to try to grow taller, losing a tooth, and finding a new friend.
521 8 _a520
_bLexile
521 8 _aK
_bRaz-Plus
650 1 _aFamily life
_vFiction.
650 1 _aFriendship
_vFiction.
650 1 _aAfrican Americans
_vFiction.
700 1 _aStrugnell, Ann,
_eillustrator
906 _a7
_bcbc
_corignew
_du
_eocip
_f19
_gy-gencatlg
942 _2ddc
_cBK
_n0
999 _c4236
_d4236